000 006040000a22001810004500
003 MACL
005 20160213121945.0
008 160213b xxu||||| |||| 00| 0 eng d
040 _aMACL
_cMACL
041 _aHindi
082 _a320
100 _aमिश्र सुरेश
_938132
245 _aपश्चिमोत्‍तर सीमांत नीति
_b1839-1947
260 _bमघ्‍यप्रदेश हिन्‍दी ग्रन्‍थ अकादमी
_c1982
_aभोपाल
350 _a17
650 _aPolitical Science
_938133
942 _cHIN
_k320
_2ddc
999 _c29310
_d29310